| Tag |
First Indicator |
Second Indicator |
Subfields |
| LEADER |
00000pam a2200000 a 4500 |
| 001 |
in00000087662 |
| 005 |
20151008064917.0 |
| 008 |
810225s1981 maua b 00100 eng |
| 010 |
|
|
|a 81001450
|
| 020 |
|
|
|a 0262131595
|
| 035 |
|
|
|a (OCoLC)07284070
|
| 035 |
|
|
|9 AAK5019AM
|
| 039 |
0 |
|
|a 2
|b 3
|c 3
|d 3
|e 3
|
| 040 |
|
|
|a DLC
|c DLC
|d TXA
|d UtOrBLW
|
| 049 |
|
|
|a TXAM
|c [985497]
|
| 050 |
0 |
0 |
|a HB139
|b .S79
|
| 082 |
0 |
|
|a 330/.028
|2 19
|
| 245 |
0 |
0 |
|a Structural analysis of discrete data with econometric applications /
|c edited by Charles F. Manski and Daniel McFadden.
|
| 264 |
|
1 |
|a Cambridge, Mass. :
|b MIT Press,
|c [1981]
|
| 264 |
|
4 |
|c ©1981
|
| 300 |
|
|
|a xxv, 477 pages :
|b illustrations ;
|c 24 cm.
|
| 336 |
|
|
|a text
|b txt
|2 rdacontent
|
| 337 |
|
|
|a unmediated
|b n
|2 rdamedia
|
| 338 |
|
|
|a volume
|b nc
|2 rdacarrier
|
| 504 |
|
|
|a Includes bibliographies and index.
|
| 650 |
|
0 |
|a Econometrics.
|
| 700 |
1 |
|
|a Manski, Charles F.
|
| 700 |
1 |
|
|a McFadden, Daniel.
|
| 740 |
0 |
|
|a Discrete data with econometric applications.
|
| 999 |
|
|
|a MARS
|
| 999 |
f |
f |
|s caf619cb-e78f-32bc-956f-a18e2a4d696a
|i 2125b21c-7224-32b6-95bb-f68c667b3a34
|t 0
|
| 952 |
f |
f |
|p ric
|a Texas A&M University
|b Rellis Campus
|c Joint Library Facility
|d Remote Storage
|t 0
|e HB139 .S79
|h Library of Congress classification
|i unmediated -- volume
|m A14806119260
|
| 998 |
f |
f |
|a HB139 .S79
|t 0
|l Remote Storage
|